<?xml version="1.0" encoding="UTF-8"?>
<record
    xmlns:xsi="http://www.w3.org/2001/XMLSchema-instance"
    xsi:schemaLocation="http://www.loc.gov/MARC21/slim http://www.loc.gov/standards/marcxml/schema/MARC21slim.xsd"
    xmlns="http://www.loc.gov/MARC21/slim">

  <leader>01329nam a22002057a 4500</leader>
  <controlfield tag="003">OSt</controlfield>
  <controlfield tag="005">20260401082707.0</controlfield>
  <controlfield tag="008">260401b        |||||||| |||| 00| 0 ESP d</controlfield>
  <datafield tag="082" ind1=" " ind2=" ">
    <subfield code="2">9789875673137</subfield>
  </datafield>
  <datafield tag="100" ind1=" " ind2=" ">
    <subfield code="a"> Nancy Van Pelt </subfield>
  </datafield>
  <datafield tag="245" ind1=" " ind2=" ">
    <subfield code="a">C&#xF3;mo formar hijos vencedores: la formaci&#xF3;n del car&#xE1;cter y la personalidad</subfield>
  </datafield>
  <datafield tag="250" ind1=" " ind2=" ">
    <subfield code="a">3RA EDICION</subfield>
  </datafield>
  <datafield tag="260" ind1=" " ind2=" ">
    <subfield code="a"> Buenos Aires, Argentina.</subfield>
    <subfield code="b"> Asociaci&#xF3;n Casa Editora Sudamericana (ACES)</subfield>
    <subfield code="c">2004</subfield>
  </datafield>
  <datafield tag="300" ind1=" " ind2=" ">
    <subfield code="a">160 p&#xE1;ginas.</subfield>
    <subfield code="c">27 cm y 28 cm</subfield>
  </datafield>
  <datafield tag="490" ind1=" " ind2=" ">
    <subfield code="3"> Tapa blanda (paperback) con ilustraciones.</subfield>
  </datafield>
  <datafield tag="520" ind1=" " ind2=" ">
    <subfield code="a">&#xBF;Hay peligrosas fisuras en sus v&#xED;nculos familiares? -- Un sentimiento b&#xE1;sico : el respeto de s&#xED; mismo -- Beneficios de la comunicaci&#xF3;n adecuada -- Las recompensas de la disciplina -- La formaci&#xF3;n del car&#xE1;cter de sus hijos -- C&#xF3;mo evitar la ruptura de las relaciones entre padres e hijos -- C&#xF3;mo prevenir la terrible drogadicci&#xF3;n -- Rivalidad y armon&#xED;a entre los hermanos -- Educaci&#xF3;n sexual sana y provechosa -- La responsabilidad de los padres : benditos los v&#xED;nculos que los unen -- Obtenga beneficios de situaciones sociales desventajosas -- Unidad y compa&#xF1;erismo en la familia -- Clave para las respuestas</subfield>
  </datafield>
  <datafield tag="650" ind1=" " ind2=" ">
    <subfield code="a">Educaci&#xF3;n", "Psicolog&#xED;a infantil</subfield>
    <subfield code="x">Catalogaci&#xF3;n", "Historia", "Diccionarios</subfield>
  </datafield>
  <datafield tag="700" ind1=" " ind2=" ">
    <subfield code="a"> Nancy Van Pelt </subfield>
  </datafield>
  <datafield tag="942" ind1=" " ind2=" ">
    <subfield code="2">ddc</subfield>
    <subfield code="c">BK</subfield>
    <subfield code="n">0</subfield>
  </datafield>
  <datafield tag="952" ind1=" " ind2=" ">
    <subfield code="0">0</subfield>
    <subfield code="1">0</subfield>
    <subfield code="2">ddc</subfield>
    <subfield code="4">0</subfield>
    <subfield code="7">0</subfield>
    <subfield code="8">E02</subfield>
    <subfield code="a">ISUS</subfield>
    <subfield code="b">ISUS</subfield>
    <subfield code="c">Biblioteca Cerrada</subfield>
    <subfield code="d">2026-04-01</subfield>
    <subfield code="e">PSICOLOGIA </subfield>
    <subfield code="i">0791</subfield>
    <subfield code="l">0</subfield>
    <subfield code="o">PSICOLOGIA </subfield>
    <subfield code="p">MEDI0791</subfield>
    <subfield code="r">2026-04-01 08:29:38</subfield>
    <subfield code="t">1</subfield>
    <subfield code="w">2026-04-01</subfield>
    <subfield code="y">BK</subfield>
  </datafield>
  <datafield tag="999" ind1=" " ind2=" ">
    <subfield code="c">2034</subfield>
    <subfield code="d">2034</subfield>
  </datafield>
</record>
